000 00361 a2200157 4500
001 152833
040 _cEscola São Tomás de Aquino
100 _aARAÚJO, Maria Lysia Corrêa de
240 1 0 _aAprendiz de barroco
_lpor
245 1 0 _aAprendiz de barroco
300 _a24
362 0 _a2002
440 1 _aRHJ
697 _a*LITERATURA INFANTO
942 _cBK
999 _c152833
_d152833